Statistics for Youtubers Quiz

Click here to take the quiz!

General Stats

  • This quiz has been taken 10 times
  • The average score is 3 of 15

Answer Stats

HintAnswer% Correct
Made an IRL Squid Game video!Mr Beast
100%
Famous for trick shots and overtimeDude Perfect
70%
Daily Dose Of: Daily Dose Of Internet
40%
One of two main helpers with the TeamSeas Campaign; EngineerMark Rober
20%
OG Minecraft youtuber; has an ex girlfriend and caught covidPopularMMO's
20%
Entertainment company that manages groups like EXO, NCT, SHINeeSMTOWN
10%
Famous for the songs: Dynamite and ButterBANGTANTV
0%
A cat with cool shades for a youtube profile pictureBeluga
0%
Currently counting down from 100countdown
0%
Famous for kinects guns; engineer and shorts youtuber; friends with DimuccGreg Renko
0%
Lots of Playbuttons, Helped TommyInnit gain a world record (or 2 of 'em)JackSucksAtStuff
0%
Reviews Tech and has a massive tech giveaway as of March 2022Mrwhosetheboss
0%
Youtuber who is the nose picker king (thinks Camman18 is a fraud); friends with UnspeakablePrestonPlayz
0%
Wants Dr. Phil to be his GrampsRyan Trahan
0%
Another Trick shot Youtuber!That's Amazing
0%

Score Distribution

Percentile by Number Answered

Percent of People with Each Score

Your Score History

You have not taken this quiz